000 00325nam a22001337a 4500
008 190129b xxu||||| |||| 00| 0 eng d
020 _a978146090368
041 _aeng
080 _a101
100 _a24
101 _aFIL
245 _aDiscourse on Method & Meditations on First Philosophy
_cDesecartes,R
942 _2udc
_cBK
999 _c53819
_d53819